000
00263nam a22001217a 4500
008
260407b ||||| |||| 00| 0 eng d
041
_a
Shqip
080
_a
1.1
100
_a
30
101
_a
his
245
_a
Tekste të Vjetra
_c
Rexhep Ismajli
942
_2
udc
_c
BK
999
_c
60964
_d
60964